Loading...
| Fine Arts - Classical Music | 4 | 17.50 | 100% | 50% | 25% |
| Fine Arts - Other | 7 | 14.29 | 100% | 29% | 14% |
| Fine Arts - Painting and Sculpture | 4 | 7.50 | 25% | 0% | 50% |
| History - American | 2 | 20.00 | 100% | 100% | 0% |
| History - European | 5 | 14.00 | 100% | 40% | 0% |
| History - Other | 6 | 15.00 | 83% | 67% | 0% |
| History - World | 2 | 10.00 | 50% | 50% | 0% |
| Literature - American | 5 | 14.00 | 60% | 60% | 20% |
| Literature - British | 4 | 5.00 | 50% | 0% | 0% |
| Literature - European | 5 | 8.00 | 80% | 0% | 0% |
| Literature - World | 2 | 5.00 | 50% | 0% | 0% |
| Mythology | 1 | 20.00 | 100% | 100% | 0% |
| Other Academic | 2 | 20.00 | 100% | 50% | 50% |
| Philosophy | 5 | 10.00 | 60% | 20% | 20% |
| Religion | 5 | 14.00 | 100% | 0% | 40% |
| Science - Biology | 5 | 6.00 | 60% | 0% | 0% |
| Science - Chemistry | 3 | 13.33 | 100% | 33% | 0% |
| Science - Other | 4 | 12.50 | 100% | 0% | 25% |
| Science - Physics | 3 | 16.67 | 100% | 67% | 0% |
| Social Science | 4 | 12.50 | 100% | 25% | 0% |